| 000 | 00524nam a22001937a 4500 | ||
|---|---|---|---|
| 003 | OSt | ||
| 005 | 20140310182257.0 | ||
| 008 | 130917t xxu||||| |||| 00| 0 eng d | ||
| 020 | _a0352310723 | ||
| 050 |
_aPS 3569.M5377 _b.Sm642 1977 |
||
| 082 |
_aFIC _bSm5a 1977 |
||
| 100 |
_aSmith, Martin-Cruz _918810 |
||
| 245 |
_aThe analog bullet / _cMartin Cruz Smith. |
||
| 260 |
_aLondon : _bPaperback Division, _cc1977. |
||
| 300 |
_a192 p. ; _c20 cm. |
||
| 650 |
_aFiction _9746 |
||
| 942 |
_2lcc _cBK-FIC |
||
| 999 |
_c11503 _d11503 |
||